Derecho constitucional

Enregistré dans:
Détails bibliographiques
Auteur principal: Quiroga Lavié, Humberto (Auteur)
Format: Livre
Langue:espagnol
Publié: Buenos Aires Depalma 1987
Collection:Abriendo surcos
Sujets:
Tags: Ajouter un tag
Pas de tags, Soyez le premier à ajouter un tag!

MARC

LEADER 00000nam a2200000 a 4500
001 UCV1310
003 CL-VaPUC
008 900406e19870000AG |||||||||||||||||spa|d
082 0 4 |a 342.82  |b QUI  |2 21 
100 0 |a Quiroga Lavié, Humberto  |e author  |9 295547 
245 1 0 |a Derecho constitucional 
300 |a 1040 p 
942 |c BK 
945 |d 19900406 00:00:00 
260 |a Buenos Aires  |b Depalma  |c 1987 
500 |a Constitución de la Nación Argentina y leyes complementarias 
650 7 |a CONSTITUCIONALIDAD  |2 CL-VaPUC  |9 255951 
650 0 |a Jurisprudencia  |9 255952 
650 0 |a Derecho constitucional   |9 222588 
651 0 |a Argentina  |9 254888 
583 |a last modification  |c 20130926 04:46:34  |k Rodrigo Vera 
490 0 |a Abriendo surcos 
999 |c 209296  |d 209294 
952 |0 0  |1 0  |4 0  |6 342_820000000000000_QUI_1987  |7 0  |8 A  |9 184623  |a BIBDER  |b BIBDER  |d 2019-11-14  |i 2519313  |o 342.82 QUI 1987  |p 2519313  |r 2023-01-25  |w 2019-11-14  |y BK  |k DER